Stati con Bandiere con solamente Verde, Bianco e Rosso - Statistics

Statistiche generali
  • Questo quiz è stato fatto 1.637 volte
  • Il punteggio medio è 10 su 11
Statistiche sulle risposte
con Immagini Risposta % Corretto
Italia
99%
Algeria
96%
Bulgaria
95%
Iran
95%
Libano
95%
Ungheria
95%
Bielorussia
94%
Madagascar
79%
Maldive
79%
Burundi
75%
Oman
72%
Nessun quiz corrispondente trovato
Distribuzione punteggi
Percentuale di utenti per punteggio
Percentile per numero di risposta
I tuoi punteggi nel tempo
Non hai fatto questo quiz